[Event "45th Olympiad 2024"]
[Site "Budapest HUN"]
[Date "2024.09.22"]
[Round "11.50"]
[Board "4"]
[White "Meylan, Andre"]
[Black "Frick, Renato"]
[Result "1/2-1/2"]
[WhiteElo "2165"]
[BlackElo "1925"]
[PlyCount "176"]
[EventDate "2024.09.11"]
[WhiteTeam "Monaco"]
[BlackTeam "Liechtenstein"]
[WhiteTeamCountry "MNC"]
[BlackTeamCountry "LIE"]

1. e4 c5 2. Nf3 d6 3. d4 cxd4 4. Nxd4 Nf6 5. Nc3 a6 6. a4 g6 7. Be2 Bg7 8. Be3 Nc6 9. O-O O-O 10. Qd2 Ng4 11. Bxg4 Bxg4 12. f4 ({RR} 12. f3 Be6 13. Rfd1 Nxd4 14. Bxd4 Bxd4+ 15. Qxd4 Rc8 16. Qa7 Qc7 17. Rd2 Qc5+ 18. Qxc5 Rxc5 19. Nd1 Rfc8 20. Ne3 f5 21. exf5 gxf5 22. Rd4 Kg7 23. Rad1 h5 24. Kf2 Kf6 25. R1d2 Ra5 26. b3 Rc3 {1-0 Karjakin,S (2752)-Duda,J (2757) Speed Chess Invitational blitz 2020 (4.2)}) ({RR} 12. Nd5 Rc8 13. a5 Be6 14. Nxe6 fxe6 15. Nb6 Rc7 16. c3 Ne5 17. Qe2 Rc6 18. f4 Nd7 19. Qg4 d5 20. exd5 Nf6 21. Qf3 exd5 22. Rad1 e6 23. c4 Re8 24. cxd5 exd5 25. Bd4 h5 26. Bc3 Ne4 {1-0 Sachilaru,A (2248)-Buzbuchi,I (2007) Romania GP Brasov 2024 (4.17)}) 12... Bd7 13. Nd5 $146 ({RR} 13. Nb3 b6 14. Nd5 Rb8 15. Qf2 Bxb2 16. Rab1 Bg7 17. Bxb6 Qc8 18. a5 e6 19. Ne3 Ne7 20. Qh4 f6 21. Rbd1 Bc6 22. f5 d5 23. Nd4 e5 24. Nxc6 Qxc6 25. exd5 Qd7 26. c4 gxf5 27. Qh3 Qa4 {1-0 Varshini,V (2105)-Harazinska,E (2087) Wch U18 Girls 2015 (5)}) 13... e6 14. Nc3 Qc7 15. Rad1 Na5 16. b3 Rac8 17. Nce2 Rfd8 18. Ng3 e5 19. Nf3 Bg4 20. Rc1 exf4 21. Bxf4 Bc3 22. Qf2 Nc6 23. Ne2 Bg7 24. c4 Qe7 25. Ng3 Ne5 26. Qe3 f6 27. Nd4 Re8 28. Qd2 Bd7 29. Rcd1 Bg4 30. Rde1 Nf7 31. Nc2 Bd7 32. Nb4 Bc6 33. Be3 Qd7 34. Bd4 Ne5 35. Ne2 Bxe4 36. Nf4 Nc6 37. Bc3 f5 38. Nbd5 Qf7 39. b4 Bxc3 40. Qxc3 Re5 41. b5 Ne7 42. Nb6 Rd8 43. Rd1 g5 44. Qxe5 dxe5 45. Rxd8+ Kg7 46. Nfd5 Nxd5 47. Nxd5 Qh5 48. Rd7+ Kf8 49. Nf6 Qe2 50. Nxh7+ Kg8 51. Nf6+ Kf8 52. Nxe4 Qxe4 53. Rc7 Qe3+ 54. Kh1 Qd3 55. Rg1 f4 56. Rc8+ Kf7 57. bxa6 bxa6 58. Rc7+ Kf8 59. Rb7 f3 60. Rb2 e4 61. gxf3 Qxf3+ 62. Rbg2 e3 63. Re1 Ke7 64. Kg1 Kd6 65. Rge2 Qg4+ 66. Rg2 Qf3 67. Rge2 Qg4+ 68. Kh1 Qf3+ 69. Kg1 Qg4+ 70. Kh1 Qf3+ 71. Rg2 Kc5 72. Kg1 Kd4 73. c5 Kxc5 74. Rxg5+ Kb4 75. Rg2 Kxa4 76. h4 Kb3 77. h5 Qxh5 78. Rxe3+ Kc4 79. Re4+ Kd3 80. Reg4 Qc5+ 81. Rf2 a5 82. Rg3+ Kc4 83. Kg2 Qd5+ 84. Rff3 Qd2+ 85. Kh3 Qh6+ 86. Kg2 Qd2+ 87. Kh3 Qh6+ 88. Kg2 Qd2+ 1/2-1/2

[Event "45th Olympiad 2024"]
[Site "Budapest HUN"]
[Date "2024.09.22"]
[Round "11.51"]
[Board "1"]
[White "Oatlhotse, Providence"]
[Black "Khusenkhojaev, Mustafokhuja"]
[Result "0-1"]
[WhiteElo "2239"]
[BlackElo "2283"]
[PlyCount "78"]
[EventDate "2024.09.11"]
[WhiteTeam "Botswana"]
[BlackTeam "Tajikistan"]
[WhiteTeamCountry "BOT"]
[BlackTeamCountry "TJK"]

1. Nf3 Nf6 2. g3 d5 3. Bg2 c5 4. O-O g6 5. d3 Bg7 6. Nbd2 O-O 7. e4 Nc6 8. Re1 e5 9. c3 d4 10. cxd4 cxd4 11. Nc4 Qc7 12. a4 ({RR} 12. Bd2 b5 13. Na3 a6 14. Rc1 Bb7 15. h4 h6 16. Rc2 Qd6 17. Qc1 Kh7 18. Bh3 Nd7 19. h5 Rad8 20. hxg6+ fxg6 21. Nh4 Qf6 22. Rf1 Qe7 23. Ng2 Nf6 24. Rxc6 Bxc6 25. Qxc6 Rd6 26. Qc5 Nd7 {1-0 Berezin,V (2307)-Gatterer,F (2170) Titled Tue 15th Aug Early 2023 (4)}) 12... Be6 13. b3 Bxc4 $146 ({RR} 13... Rfe8 14. Bg5 Nd7 15. Rc1 Bf8 16. Bd2 Nc5 17. Qc2 a5 18. Ng5 Bxc4 19. Qxc4 h6 20. Nh3 b6 21. f4 Qd7 22. Nf2 Qe6 23. Red1 Rac8 24. Bh3 Qxc4 25. Rxc4 Rcd8 26. Ng4 Rd6 27. fxe5 Nxe5 28. Nxe5 {1-0 Hirn,O (2209)-Bildt,M (1997) Mittelfranken-ch HT 2016 (9)}) 14. bxc4 Nd7 15. h4 Rfe8 16. h5 Nb4 17. Nh2 Nc5 18. Bf1 f5 19. f3 a5 20. Ra3 Ra6 21. Re2 f4 22. gxf4 exf4 23. Bh3 gxh5 24. Bf5 Be5 25. Nf1 Kh8 26. Rh2 Rg8+ 27. Kf2 Qg7 28. Ke1 Qg1 29. Qe2 Rg5 30. Kd1 Ra8 31. Bd2 Rag8 32. Bh3 Rg3 33. Bf5 Rg2 34. Rxh5 R8g7 35. Qe1 Rf2 36. Rh1 Qxh1 37. Qxf2 Rg2 38. Qe1 Nbxd3 39. Bxf4 Bxf4 0-1

[Event "45th Olympiad 2024"]
[Site "Budapest HUN"]
[Date "2024.09.22"]
[Round "11.51"]
[Board "2"]
[White "Karimov, Alisher"]
[Black "Notha, Moakofi"]
[Result "1-0"]
[WhiteElo "2240"]
[BlackElo "1996"]
[PlyCount "81"]
[EventDate "2024.09.11"]
[WhiteTeam "Tajikistan"]
[BlackTeam "Botswana"]
[WhiteTeamCountry "TJK"]
[BlackTeamCountry "BOT"]

1. Nf3 Nf6 2. g3 d5 3. Bg2 e6 4. c4 b6 5. O-O Be7 6. d4 O-O 7. Nc3 c6 8. Ne5 Nfd7 9. Bf4 ({RR} 9. cxd5 Nxe5 10. dxe5 exd5 11. Nxd5 cxd5 12. Qxd5 Qxd5 13. Bxd5 Bh3 14. Bxa8 Bxf1 15. Kxf1 Nd7 16. Bd5 Nxe5 17. Bf4 Ng4 18. h3 Nf6 19. Bb3 Ne4 20. Rd1 Bf6 21. Bc2 Nc5 22. b3 g6 23. h4 Kg7 {1-0 Ljubojevic,L (2610)-Chernin,A (2560) Madrid rapid 1988 (1)}) ({RR} 9. Nxd7 Nxd7 10. e4 dxe4 11. Bxe4 Bb7 12. Bf4 Nf6 13. Bg2 Rc8 14. Qd3 Bd6 15. Bg5 h6 16. Bxf6 Qxf6 17. Ne4 Qe7 18. Rac1 Rfd8 19. Rfd1 e5 20. d5 cxd5 21. cxd5 Rxc1 22. Rxc1 Rc8 23. Rxc8+ Bxc8 {0-1 Sole,M (1892)-Zhu,D (1721) 131st ch-NZL Rapid 2024 (5.8)}) 9... Ba6 $146 ({RR} 9... Nxe5 10. Bxe5 Nd7 11. Bf4 Bb7 12. e4 dxc4 13. a4 e5 14. Bxe5 Nxe5 15. dxe5 Bc5 16. Qe2 Qd3 17. Qg4 Bc8 18. Qh4 Qd8 19. Qh5 Re8 20. Rad1 Qe7 21. Qe2 Ba6 22. Kh1 Qxe5 23. f4 Qe7 24. e5 {0-1 Krzywda,A (2262)-Psyk,R (2438) European Blitz 2022 (11.53)}) ({RR} 9... Nxe5 10. Bxe5 Nd7 11. Bf4 f5 12. Qa4 Bb7 13. Rac1 g5 14. Bd2 Bf6 15. e3 Kh8 16. cxd5 exd5 17. b4 b5 18. Qc2 Be7 19. f3 Bxb4 20. e4 Nb6 21. exf5 Qf6 22. f4 Qxd4+ 23. Kh1 Nc4 24. Be1 {0-1 Ianovsky,M (2218)-Samunenkov,I (2517) Titled Tue 5th Sep Early 2023 (10)}) 10. cxd5 Nxe5 11. dxc6 Nbxc6 12. dxe5 Bb7 13. Qa4 Na5 14. Rfd1 Qe8 15. Qxe8 Rfxe8 16. Ne4 Bxe4 17. Bxe4 Rad8 18. Rd3 Nc4 19. b3 Na3 20. Rc1 Bc5 21. Rcd1 Rc8 22. Kg2 h6 23. h4 Kf8 24. Rd7 Re7 25. Rd8+ Rxd8 26. Rxd8+ Re8 27. Rd1 Ke7 28. Bd3 Rd8 29. Rc1 Rd7 30. Kf3 Kd8 31. h5 Bd4 32. Rc6 Bc5 33. Bc1 Rc7 34. Rxc5 Rxc5 35. Bxa3 Rxe5 36. g4 f5 37. gxf5 exf5 38. Bf8 Re6 39. Bxg7 f4 40. Bg6 Ke7 41. Bxh6 1-0

[Event "45th Olympiad 2024"]
[Site "Budapest HUN"]
[Date "2024.09.22"]
[Round "11.51"]
[Board "3"]
[White "Monnaatsheko, Keletshabile"]
[Black "Ilkhomi, Jaloliddin"]
[Result "1/2-1/2"]
[WhiteElo "2064"]
[BlackElo "2227"]
[PlyCount "255"]
[EventDate "2024.09.11"]
[WhiteTeam "Botswana"]
[BlackTeam "Tajikistan"]
[WhiteTeamCountry "BOT"]
[BlackTeamCountry "TJK"]

1. d4 Nf6 2. Nf3 e6 3. Bg5 Be7 4. Nbd2 b6 5. e3 Bb7 6. Bd3 c5 7. c3 cxd4 8. exd4 d6 9. O-O O-O 10. a4 a6 11. Qe2 Nbd7 12. Rfe1 Re8 13. Rad1 ({RR} 13. Bh4 Qc8 14. Ng5 Bf8 15. Nc4 g6 16. Bg3 Qc6 17. Ne3 Qc7 18. h3 Bh6 19. Bh4 Bg7 20. Ng4 Nh5 21. Qd2 Qc6 22. Be4 Qc7 23. Bxb7 Qxb7 24. Ne4 Qc7 25. Nh6+ Kf8 26. c4 Ndf6 27. Nc3 Ng8 {0-1 Harikrishna,P (2726)-Papaioannou,I (2643) GRE CupT final 32nd 2014 (5.1)}) ({RR} 13. Bh4 Nd5 14. Bg3 Nf8 15. Nc4 Ng6 16. Qd2 b5 17. Ne3 Ndf4 18. axb5 Nxd3 19. Qxd3 axb5 20. Qxb5 Bxf3 21. gxf3 Rb8 22. Qe2 Qb6 23. Nc4 Qc6 24. Ra7 Rec8 25. Ne3 Qb6 26. Ra2 Qb3 27. Rea1 h5 {1-0 Quintiliano Pinto,R (2483)-Clawitter,C (2050) Titled Tue 12th Mar Early 2024 (10)}) 13... Nf8 14. Nc4 Nd5 $146 ({RR} 14... Ng6 15. Nh4 b5 16. Nxg6 hxg6 17. axb5 axb5 18. Ne3 b4 19. Ra1 bxc3 20. bxc3 Nh5 21. Bxe7 Qxe7 22. Qc2 Nf4 23. Be4 d5 24. Bf3 Qc7 25. g3 Nh3+ 26. Kg2 Ng5 27. h4 Ne4 28. Bxe4 dxe4 29. c4 {½-½ Taras,I (2224)-Gurevich,D (2399) Titled Tuesday intern op 16th Feb blitz 2021 (8)}) 15. Bc1 b5 16. Na3 bxa4 17. c4 Nb4 18. Bb1 Bf6 19. Bd2 Nc6 20. Bc3 Na5 21. Qd2 Nb3 22. Qf4 Rc8 23. Qg4 Ng6 24. Re3 Qc7 25. h4 Nf8 26. Ng5 e5 27. d5 Bxg5 28. hxg5 Rcd8 29. Rde1 Nc5 30. f4 Bc8 31. Qh4 e4 32. Bxe4 Nxe4 33. Rxe4 Rxe4 34. Rxe4 Bf5 35. Re3 Qd7 36. Qe1 Ng6 37. g3 Rc8 38. Qd2 Re8 39. Qd4 f6 40. gxf6 gxf6 41. Kf2 Rxe3 42. Qxe3 Kf7 43. c5 dxc5 44. Qxc5 Ne7 45. d6 Qc6 46. Qc4+ Qxc4 47. Nxc4 Nc8 48. Ke3 Ke6 49. d7 Kxd7 50. Bxf6 Ke6 51. Bd4 Kd5 52. Nb6+ Nxb6 53. Bxb6 Kc4 54. Kf3 h5 55. Ke3 Bb1 56. Kd2 Be4 57. Bc7 Bf5 58. Bd6 Kb3 59. Ba3 Kc4 60. Ke3 Bg6 61. Be7 Bf5 62. Bf8 Bg6 63. Ba3 Bf5 64. Bd6 Bg6 65. Be7 Bf5 66. Bf8 Bg6 67. Ba3 Bf5 68. Bd6 Bg6 69. f5 Bxf5 70. Kf4 Bg4 71. Ba3 Kb3 72. Kg5 a5 73. Kf4 Kc4 74. Bf8 Kd4 75. Bg7+ Kc4 76. Bf8 Kd5 77. Ba3 Bd1 78. Bf8 Be2 79. Ke3 Bg4 80. Kf4 Ke6 81. Ba3 Kd5 82. Be7 Kd4 83. Bf6+ Kc4 84. Be7 Kd4 85. Ba3 Kd3 86. Bd6 Kd4 87. Bf8 Kd3 88. Kg5 Ke4 89. Kh4 Ke5 90. Be7 Kd5 91. Ba3 Ke5 92. Bf8 Kd5 93. Kg5 Ke5 94. Ba3 Ke4 95. Bd6 Kd5 96. Bc7 Kc4 97. Bd6 Kd5 98. Bf8 Kc4 99. Kf4 Kd4 100. Be7 Kd5 101. Ke3 Kc4 102. Kd2 Bf5 103. Ba3 Bg4 104. Ke3 Bf5 105. Kf4 Bg4 106. Ke3 Bf5 107. Bf8 Bg4 108. Kf4 Kd4 109. Kg5 Kd5 110. Kh4 Kd4 111. Bg7+ Kc4 112. Bf8 Kd5 113. Kg5 Kd4 114. Ba3 Ke5 115. Kh4 Ke6 116. Kg5 Ke5 117. Bf8 Ke4 118. Kh4 Ke5 119. Bg7+ Kd5 120. Bf8 Ke5 121. Ba3 Ke4 122. Kg5 Ke5 123. Kh4 Ke4 124. Bd6 Kd5 125. Bf8 Kd4 126. Kg5 Kd5 127. Kf4 Kd4 128. Bg7+ 1/2-1/2

[Event "45th Olympiad 2024"]
[Site "Budapest HUN"]
[Date "2024.09.22"]
[Round "11.51"]
[Board "4"]
[White "Kabilov, Amin"]
[Black "Bayani, Kuda"]
[Result "1-0"]
[WhiteElo "2212"]
[BlackElo "1931"]
[PlyCount "171"]
[EventDate "2024.09.11"]
[WhiteTeam "Tajikistan"]
[BlackTeam "Botswana"]
[WhiteTeamCountry "TJK"]
[BlackTeamCountry "BOT"]

1. d4 Nf6 2. c4 e6 3. Nf3 d5 4. Nc3 Nbd7 5. Qc2 c6 6. cxd5 exd5 7. Bf4 Be7 8. h3 O-O 9. e3 Re8 10. Bd3 Nf8 11. Bh2 Bd6 12. Ne5 Qe7 ({RR} 12... Ng6 13. f4 c5 14. O-O c4 15. Be2 Rb8 16. Bf3 Bf8 17. f5 Ne7 18. g4 Ra8 19. Qg2 b5 20. g5 Ne4 21. Nxe4 dxe4 22. Bxe4 Rb8 23. f6 Ng6 24. Nc6 Qb6 25. Nxb8 Be6 26. Nc6 Rc8 27. Ne5 {1-0 Gholami Orimi,M (2505)-Jackson,E (2156) Titled Tue 9th Jul Early 2024 (1)}) 13. O-O-O ({RR} 13. O-O N6d7 14. f4 f6 15. e4 fxe5 16. fxe5 Nxe5 17. dxe5 Bxe5 18. exd5 Bxh2+ 19. Kxh2 Qe5+ 20. Kh1 cxd5 21. Qf2 Be6 22. Nb5 Re7 23. Rae1 Qg5 24. Nd4 Qf6 25. Qe3 Qh6 26. Nf5 Bxf5 27. Qxe7 Ng6 {1-0 Tkachiev,V (2657)-Riazantsev,A (2628) FRA-chT Top 16 GpB 2008 (3)}) 13... N6d7 14. f4 f6 15. e4 $146 ({RR} 15. Nf3 b5 16. Rhe1 b4 17. Na4 Nb6 18. e4 dxe4 19. Bxe4 Qf7 20. Nxb6 axb6 21. Qxc6 Rxe4 22. Qxa8 Bb7 23. Qa4 Ne6 24. Qb3 Nxf4 25. Qxf7+ Kxf7 26. Kd2 Rxe1 27. Rxe1 g5 28. Re3 Bd5 29. b3 h6 {1-0 Ashwin,J (2461)-Karthikeyan,M (2444) IND-chB 51st 2013 (13)}) ({RR} 15. Nf3 Qxe3+ 16. Kb1 Qe7 17. g4 Nb6 18. g5 Bd7 19. Rhg1 f5 20. Bxf5 Bxf5 21. Qxf5 Nc4 22. Rge1 Qf7 23. Qxf7+ Kxf7 24. Ne5+ Bxe5 25. dxe5 g6 26. b3 Nb6 27. Rf1 Nbd7 28. h4 Kg8 29. Rd2 Ne6 {1-0 Tsydypov,Z (2354)-Leonov,M (2012) Buryatia-ch Ulan-Ude 2013 (1)}) 15... fxe5 16. dxe5 Nxe5 17. fxe5 Bxe5 18. Bxe5 Qxe5 19. exd5 cxd5 20. Rhe1 Qg5+ 21. Qd2 Qxd2+ 22. Kxd2 Be6 23. Nb5 Re7 24. Rc1 a6 25. Nd4 Rae8 26. Re3 g6 27. Rce1 Kf7 28. Rf1+ Kg7 29. Rc1 Bg8 30. Rxe7+ Rxe7 31. Rc8 Ne6 32. Ne2 Ng5 33. a3 Ne4+ 34. Bxe4 dxe4 35. Ke3 h5 36. Nf4 Bf7 37. h4 Kf6 38. Rc5 Bg8 39. Rd5 Bf7 40. Rc5 Bg8 41. Rd5 Bf7 42. Rc5 Bg8 43. b4 Bf7 44. a4 Bg8 45. Rd5 Bf7 46. Rc5 Bg8 47. b5 axb5 48. Rxb5 Bf7 49. a5 Re5 50. Rb6+ Kg7 51. Rxb7 Rxa5 52. Kxe4 Kf6 53. Rb6+ Kg7 54. Rd6 g5 55. hxg5 Rxg5 56. Rb6 Ra5 57. Kf3 Ra3+ 58. Kf2 Ra5 59. Rd6 Rb5 60. g3 Ra5 61. Kf3 Rb5 62. Ne2 Rb3+ 63. Kf4 Rb4+ 64. Nd4 Ra4 65. Kg5 Ra1 66. Nf5+ Kf8 67. Rd8+ Be8 68. Nd6 Ke7 69. Rxe8+ Kxd6 70. Kxh5 Rh1+ 71. Kg5 Kd7 72. Re4 Rh8 73. g4 Kd6 74. Kf6 Kd5 75. Re5+ Kd6 76. Re2 Rf8+ 77. Kg7 Rf1 78. g5 Rf4 79. g6 Rg4 80. Kf7 Rf4+ 81. Kg8 Rf1 82. Rh2 Ke7 83. g7 Rg1 84. Kh7 Kf7 85. g8=Q+ Rxg8 86. Rf2+ 1-0

[Event "45th Olympiad 2024"]
[Site "Budapest HUN"]
[Date "2024.09.22"]
[Round "11.52"]
[Board "1"]
[White "Asabri, Hussien"]
[Black "Susilodinata, Andrean"]
[Result "1/2-1/2"]
[WhiteElo "2196"]
[BlackElo "2393"]
[PlyCount "76"]
[EventDate "2024.09.11"]
[WhiteTeam "Libya"]
[BlackTeam "Indonesia"]
[WhiteTeamCountry "LBY"]
[BlackTeamCountry "INA"]

1. d4 d5 2. Nf3 Nf6 3. c4 c6 4. Nc3 dxc4 5. Ne5 b5 6. g3 e6 7. Bg2 a6 8. O-O Bb7 9. a4 Qb6 10. b3 cxb3 11. Qxb3 b4 ({RR} 11... Be7 12. Rd1 O-O 13. e4 Nbd7 14. Be3 Qc7 15. Nxd7 Nxd7 16. Rdc1 Qd8 17. a5 c5 18. d5 c4 19. Qc2 b4 20. Na4 exd5 21. exd5 Rc8 22. d6 Bxg2 23. dxe7 Qxe7 24. Kxg2 b3 25. Qe2 Qe4+ 26. Qf3 {1-0 Gracia Alvarez,G (2308)-Jimenez Salas,M (1988) Titled Tue 18th Jun Early 2024 (2)}) 12. Rd1 $146 ({RR} 12. Be3 Nd5 13. a5 Qd8 14. Nxd5 cxd5 15. Bd2 Nd7 16. Bxb4 Bxb4 17. Qxb4 Nxe5 18. Qxb7 Nc4 19. Qc6+ Ke7 20. e4 Nd2 21. Qb7+ Kf6 22. e5+ Kg6 23. Rfd1 Nc4 24. h4 h5 25. Bf1 Nxa5 26. Bd3+ f5 {½-½ Pham,K (2128)-Leenhouts,K (2414) Bruges Masters op 2021 (3)}) 12... a5 13. e4 Nbd7 14. Nxd7 Nxd7 15. Ne2 Ba6 16. Qf3 Be7 17. Bb2 O-O 18. Nf4 Rfe8 19. d5 cxd5 20. exd5 e5 21. d6 Bf8 22. Nd5 Qxd6 23. Rac1 Bb7 24. Qf5 Qe6 25. Qxe6 fxe6 26. Nc7 Bxg2 27. Kxg2 Nc5 28. Nxa8 Rxa8 29. Bxe5 Nxa4 30. Rc7 Nc5 31. Rd4 a4 32. Bxg7 Bxg7 33. Rg4 a3 34. Rgxg7+ Kf8 35. Rxh7 Kg8 36. Rcg7+ Kf8 37. Rc7 Kg8 38. Rcg7+ Kf8 1/2-1/2

[Event "45th Olympiad 2024"]
[Site "Budapest HUN"]
[Date "2024.09.22"]
[Round "11.52"]
[Board "2"]
[White "Cahaya, Satria Duta"]
[Black "Alhassadi, Yousef A."]
[Result "0-1"]
[WhiteElo "2219"]
[BlackElo "2082"]
[PlyCount "118"]
[EventDate "2024.09.11"]
[WhiteTeam "Indonesia"]
[BlackTeam "Libya"]
[WhiteTeamCountry "INA"]
[BlackTeamCountry "LBY"]

1. e4 c5 2. Nf3 e6 3. d4 cxd4 4. Nxd4 Nf6 5. Nc3 Nc6 6. Ndb5 d6 7. Bf4 e5 8. Bg5 a6 9. Na3 b5 10. Nd5 Be7 11. Bxf6 Bxf6 12. c3 Ne7 13. Nxf6+ gxf6 14. Nc2 Bb7 15. Bd3 d5 16. Qe2 f5 17. exf5 e4 18. f6 Nf5 19. O-O-O ({RR} 19. f3 Qxf6 20. O-O Qb6+ 21. Rf2 Nd6 22. Nd4 O-O-O 23. Bc2 Kb8 24. a4 b4 25. a5 Qa7 26. Qe3 Ka8 27. fxe4 dxe4 28. Bb3 Rd7 29. Raf1 Rhd8 30. Rf6 bxc3 31. bxc3 Qc5 32. Bxf7 Nb5 33. Nc2 Qxc3 {0-1 Ribera Veganzones,S (2360)-Alsina Leal,D (2495) TCh-CAT Gp2 2024 (7.2)}) 19... Qxf6 20. Nb4 $146 ({RR} 20. Ne3 Nxe3 21. Qxe3 b4 22. Bc2 bxc3 23. Qxc3 Qxc3 24. bxc3 Rc8 25. Kb2 Rc5 26. Bb3 Ke7 27. Rd4 Rg8 28. g3 Rgc8 29. Rc1 a5 30. Rcd1 Rxc3 31. R1d2 f5 32. Bxd5 a4 33. a3 Ba6 34. g4 Bd3 {0-1 Shevchenko,K (2541)-Lagarde,M (2657) Barcelona City op 24th 2019 (6)}) 20... O-O-O 21. Bb1 Rhe8 22. Nc2 Kb8 23. Qd2 Qe5 24. g3 b4 25. Qf4 Qxf4+ 26. gxf4 bxc3 27. bxc3 Rc8 28. Kd2 Rc5 29. Rc1 Rec8 30. Nd4 Nxd4 31. cxd4 Rc4 32. Rxc4 Rxc4 33. f3 Rxd4+ 34. Ke3 Rc4 35. fxe4 dxe4 36. f5 Kc7 37. Rd1 f6 38. Rd2 Rc1 39. Rc2+ Rxc2 40. Bxc2 Kd6 41. Kd4 a5 42. a3 e3 43. Bd3 Bc6 44. h4 Ba4 45. Kxe3 Ke5 46. Bc4 Bd7 47. Bg8 Bxf5 48. Kf3 Bc2 49. Ke3 h6 50. Bc4 Kf5 51. Be2 Ke5 52. Bc4 Be4 53. Bb3 f5 54. Bd1 f4+ 55. Kf2 Kd4 56. Bf3 Bxf3 57. Kxf3 Ke5 58. Ke2 Kf5 59. Kf3 a4 0-1

[Event "45th Olympiad 2024"]
[Site "Budapest HUN"]
[Date "2024.09.22"]
[Round "11.52"]
[Board "3"]
[White "Naser Eldean, Ahmed"]
[Black "Mariano, Fabian Glen"]
[Result "0-1"]
[WhiteElo "1981"]
[BlackElo "2121"]
[PlyCount "86"]
[EventDate "2024.09.11"]
[WhiteTeam "Libya"]
[BlackTeam "Indonesia"]
[WhiteTeamCountry "LBY"]
[BlackTeamCountry "INA"]

1. e4 e5 2. Nf3 Nc6 3. Nc3 Nf6 4. d4 Bb4 5. d5 Ne7 6. Nxe5 O-O 7. Qd4 Bxc3+ ({RR} 7... c5 8. dxc6 Qa5 9. Nc4 Qc7 10. Bd2 Nxc6 11. Nd5 Nxd5 12. Qxd5 d6 13. Bxb4 Nxb4 14. Qd2 Re8 15. f3 a5 16. a3 d5 17. Ne3 dxe4 18. axb4 exf3 19. g3 Bd7 20. Kf2 Rxe3 21. Qxe3 Qxc2+ 22. Kg1 {1-0 Umarbekov,A (2113)-Tunik,S (2017) Issykkul Open 2024 (5.11)}) 8. bxc3 Re8 9. Bd3 d6 10. Nc4 $146 ({RR} 10. Nf3 Nexd5 11. O-O c5 12. Qc4 Nb6 13. Qb3 Nxe4 14. c4 Bg4 15. Be3 Bxf3 16. gxf3 Ng5 17. f4 Nf3+ 18. Kg2 Nd4 19. Qb2 Qh4 20. Rg1 Re6 21. Bxd4 cxd4 22. Qxd4 Rf6 23. Kh1 Qxf4 24. Rg4 Qxd4 {0-1 Hanke,L-Beikert,G Kirchheim rapid 1990 (2)}) ({RR} 10. Nf3 c5 11. dxc6 Nxc6 12. Qe3 d5 13. e5 Ng4 14. Qf4 f6 15. e6 Rxe6+ 16. Kf1 Re8 17. h3 Nge5 18. Kg1 Nxf3+ 19. Qxf3 Ne5 20. Qg3 Nxd3 21. cxd3 Bf5 22. Kh2 Qa5 23. Bd2 Bg6 24. Rhd1 Re2 {0-1 Sanchez Barbado,C (2180)-Lillo Castany,V (2289) Benidorm op U2300 10th 2011 (8)}) 10... Nf5 11. Nxd6 Nxd4 12. Nxe8 Qxe8 13. cxd4 Nxe4 14. O-O Nd6 15. Bf4 Bf5 16. Bxf5 Nxf5 17. Bxc7 Qd7 18. Bf4 Nxd4 19. Kh1 Qxd5 20. c3 Ne2 21. Rad1 Nxf4 22. Rxd5 Nxd5 23. c4 Nb6 24. Rb1 Rc8 25. a4 Nxc4 26. Rxb7 Na5 27. Rb1 Nb3 28. g3 Rc1+ 29. Rxc1 Nxc1 30. Kg2 Nb3 31. Kf3 Nc5 32. a5 Nb3 33. Ke4 Nxa5 34. Kd5 Nb7 35. Kc6 a5 36. Kb5 Kf8 37. Ka4 Ke7 38. Kb5 Ke6 39. Ka4 Ke5 40. Kb5 Ke4 41. Ka4 Kf3 42. Kb5 Kxf2 43. Ka4 f5 0-1

[Event "45th Olympiad 2024"]
[Site "Budapest HUN"]
[Date "2024.09.22"]
[Round "11.52"]
[Board "4"]
[White "Kristopher, Reynard"]
[Black "Abugenda, Nagi"]
[Result "1-0"]
[WhiteElo "2114"]
[BlackElo "1975"]
[PlyCount "95"]
[EventDate "2024.09.11"]
[WhiteTeam "Indonesia"]
[BlackTeam "Libya"]
[WhiteTeamCountry "INA"]
[BlackTeamCountry "LBY"]

1. d4 Nf6 2. Nc3 d5 3. Bf4 c5 4. e3 cxd4 5. exd4 a6 6. Nf3 Bf5 ({RR} 6... Bg4 7. h3 Bxf3 8. Qxf3 Nc6 9. O-O-O e6 10. Kb1 Bd6 11. Be3 Rc8 12. g4 Na5 13. g5 Nd7 14. Bc1 O-O 15. h4 Nc4 16. Bd3 Qa5 17. Ne2 Rc6 18. h5 Rfc8 19. g6 f5 20. h6 hxg6 21. hxg7 {1-0 Firouzja,A (2785)-Lenderman,A (2550) Titled Tue 29th Nov Early 2022 (5)}) 7. Ne5 h6 ({RR} 7... Nc6 8. g4 Be6 9. f3 Rc8 10. Qd2 h5 11. g5 Nd7 12. Nxc6 Rxc6 13. g6 fxg6 14. Bd3 Bf7 15. Ne2 e5 16. dxe5 Bc5 17. O-O-O O-O 18. Rhe1 Qb6 19. Kb1 Nxe5 20. Rf1 Nc4 21. Bxc4 dxc4 22. Be5 {1-0 Fiorito,J (2401)-Shamatava,N (2088) 35th Roquetas de Mar Open 2024 (7.8)}) 8. Bd3 $146 ({RR} 8. g4 Bh7 9. h4 Nfd7 10. Bd3 Nxe5 11. dxe5 Bxd3 12. Qxd3 e6 13. O-O-O Nc6 14. Kb1 Qa5 15. Ne2 O-O-O 16. c3 Bc5 17. Nd4 Bxd4 18. cxd4 Kb8 19. h5 Rc8 20. Bd2 Qa4 21. Bc3 Rc7 22. f4 Rhc8 {1-0 Jansen,B (2147)-Rijnaarts,S (2317) Dutch League 2022-23 (4.7)}) 8... Bxd3 9. Qxd3 Nc6 10. O-O-O e6 11. g4 Bd6 12. Rhg1 Qc7 13. Qe3 Rc8 14. Kb1 b5 15. h4 Nb4 16. a3 Nc6 17. g5 hxg5 18. hxg5 Bxe5 19. Bxe5 Nxe5 20. gxf6 Nc4 21. fxg7 Rg8 22. Qh3 Nxa3+ 23. bxa3 Qxc3 24. Qh7 Ke7 25. Rg3 Qc4 26. Rd2 Qf1+ 27. Kb2 Qe1 28. Qh4+ Ke8 29. Qf4 Qe4 30. Qf6 b4 31. axb4 Qe1 32. Re3 Qxd2 33. Rxe6+ fxe6 34. Qxe6+ Kd8 35. Qxg8+ Kc7 36. Qxc8+ Kxc8 37. g8=Q+ Kc7 38. Qxd5 Qxb4+ 39. Qb3 Qf8 40. Qc4+ Kb7 41. Qd5+ Kb8 42. f4 Qh6 43. f5 Ka7 44. Qd7+ Ka8 45. Qd8+ Ka7 46. Qe7+ Kb8 47. f6 Qd2 48. Qd6+ 1-0

[Event "45th Olympiad 2024"]
[Site "Budapest HUN"]
[Date "2024.09.22"]
[Round "11.53"]
[Board "1"]
[White "Liyanage, Ranindu Dilshan"]
[Black "Laohawirapap, Prin"]
[Result "1/2-1/2"]
[WhiteElo "2366"]
[BlackElo "2380"]
[PlyCount "125"]
[EventDate "2024.09.11"]
[WhiteTeam "Sri Lanka"]
[BlackTeam "Thailand"]
[WhiteTeamCountry "SRI"]
[BlackTeamCountry "THA"]

1. e4 c5 2. Nf3 d6 3. d4 cxd4 4. Nxd4 Nf6 5. Nc3 a6 6. Qd3 e6 7. a4 Be7 8. Be2 O-O 9. O-O Bd7 10. Be3 Nc6 11. Nxc6 Bxc6 12. a5 Rc8 $146 ({RR} 12... d5 13. exd5 Nxd5 14. Nxd5 Qxd5 15. Qxd5 Bxd5 16. c4 Bc6 17. Rad1 Rfd8 18. Bb6 Rxd1 19. Rxd1 Kf8 20. f4 Ke8 21. Kf2 Rc8 22. b3 Bb4 23. g3 Ke7 24. Ke3 g6 25. Bd3 {½-½ Santos Latasa,J (2653)-Kulaots,K (2509) TCh-FRA Top 16 GpB 2023 (7.4)}) ({RR} 12... Nd7 13. b4 Qc7 14. f4 Rac8 15. Ra2 Nf6 16. Bf3 Bd7 17. Ra3 e5 18. Bb6 Qc4 19. Be2 Qxd3 20. Bxd3 exf4 21. Rxf4 Be6 22. Nd5 Bxd5 23. exd5 Nxd5 24. Re4 Bf6 25. Bd4 Rc7 26. Bxf6 Nxf6 27. Rd4 {½-½ Borgaonkar,A (2206)-Kramnik,V (2753) Titled Tue 23rd Jan Early 2024 (2)}) ({RR} 12... Nd7 13. Qd2 Qc7 14. Rfd1 Rac8 15. f3 h6 16. Kh1 Rfe8 17. Qe1 Bf6 18. Ra3 Kh8 19. Qd2 d5 20. exd5 Bxd5 21. Bd3 Ne5 22. Bb6 Qc6 23. Be2 Bc4 24. f4 Bxe2 25. fxe5 Bxd1 26. exf6 Bh5 27. Ra4 {0-1 Sadhwani,R (2603)-Bjerre,J (2624) Global Chess League 2023 (4.6)}) 13. Rfd1 d5 14. exd5 Nxd5 15. Nxd5 Qxd5 16. Qxd5 Bxd5 17. c4 Bc6 18. Bb6 h6 19. b3 Rfe8 20. Ra2 Bb4 21. Kf1 Kf8 22. Bf3 Bxf3 23. gxf3 Ke7 24. Ke2 Rc6 25. Rd4 Rec8 26. Rc2 g6 27. h4 h5 28. Rc1 Rd6 29. Rxd6 Bxd6 30. Ke3 e5 31. c5 Ke6 32. Rc4 Bf8 33. b4 f5 34. Rc3 Be7 35. Rd3 g5 36. hxg5 Bxg5+ 37. Ke2 Be7 38. f4 e4 39. Rd1 h4 40. f3 exf3+ 41. Kxf3 Rg8 42. c6 bxc6 43. Bc5 Rg3+ 44. Kf2 Bxc5+ 45. bxc5 Ra3 46. Rd6+ Ke7 47. Rxc6 Rxa5 48. Rh6 Kf7 49. c6 Rc5 50. c7 Kg7 51. Rxa6 Rxc7 52. Kg2 Rc4 53. Kf3 Rc3+ 54. Kg2 Rg3+ 55. Kf2 Rg4 56. Kf3 Rg1 57. Kf2 Rg4 58. Kf3 Rg6 59. Rxg6+ Kxg6 60. Kg2 Kh6 61. Kh2 Kg6 62. Kg2 Kh6 63. Kh2 1/2-1/2